Vixen (Record no. 152606)

MARC details
000 -LEADER
campo de control de longitud fija 00739nam a2200205 i 4500
001 - NÚMERO DE CONTROL
campo de control 152606
003 - IDENTIFICADOR DE NÚMERO DE CONTROL
campo de control ES-MaACL
005 - FECHA Y HORA DE LA ÚLTIMA TRANSACCIÓN
campo de control 20230906204819.0
008 - DATOS DE LONGITUD FIJA--INFORMACIÓN GENERAL
campo de control de longitud fija 940301s1879 gw |||| | eng d
040 ## - FUENTE DE CATALOGACIÓN
Centro catalogador/agencia de origen AS
Lengua de catalogación spa
080 ## - NÚMERO DE LA CLASIFICACIÓN DECIMAL UNIVERSAL
Número de la Clasificación Decimal Universal 821.111-31"18"
100 1# - ENTRADA PRINCIPAL--NOMBRE DE PERSONA
Nombre de persona Braddon, M. E. (
Fechas asociadas al nombre 1837-1915)
9 (RLIN) 126141
245 10 - MENCIÓN DEL TÍTULO
Título Vixen
Resto del título : a novel /
Mención de responsabilidad, etc. by M.E. Braddon.
260 ## - PUBLICACIÓN, DISTRIBUCIÓN, ETC.
Lugar de publicación, distribución, etc. Leipzig :
Nombre del editor, distribuidor, etc. Bernhard Tauchnitz,
Fecha de publicación, distribución, etc. 1879.
300 ## - DESCRIPCIÓN FÍSICA
Extensión 3 v. (304; 287; 278 p.) ;
Dimensiones 16 cm.
490 1# - MENCIÓN DE SERIE
Mención de serie Collection of British Authors ;
Designación de volumen o secuencia 1809; 1810; 1811
830 0# - PUNTO DE ACCESO ADICIONAL DE SERIE-TÍTULO UNIFORME
Título uniforme Collection of British Authors ;
Designación de volumen o secuencia 1809; 1810; 1811
9 (RLIN) 180703
852 1# - LOCALIZACIÓN
Ubicación BA
Número de control de estantería G-11377-78
Nota libre -- Enc. hol., conservando la enc. original
-- -- Enc. 3 t. en 2 v.
Encuadernación -- Edic: Completar
Holdings
Estatus retirado Estado de pérdida Estado de daño No para préstamo Colección Biblioteca de origen Biblioteca actual Ubicación en estantería Fecha de adquisición Total de préstamos Signatura topográfica completa Código de barras Visto por última vez Precio de reemplazo Tipo de ítem Koha
        Libros del s. XIX Biblioteca del Ateneo de Madrid Biblioteca del Ateneo de Madrid Sala Pecera Planta 3 17/01/2008   G-11377-78 1159362 23/02/2023 23/02/2023 Libro impreso antiguo